Normal view
MARC view
- Rao Rumman Ullah Khan (329652)
Entry Personal Name
001 - CONTROL NUMBER
- control field: 118273
003 - CONTROL NUMBER IDENTIFIER
- control field: NUST
005 - DATE AND TIME OF LATEST TRANSACTION
- control field: 20230928113226.0
008 - FIXED-LENGTH DATA ELEMENTS
- fixed length control field: 230928|| aca||aabn | a|a d
040 ## - CATALOGING SOURCE
- Original cataloging agency: NUST
- Transcribing agency: NUST
100 ## - HEADING--PERSONAL NAME
- Personal name: Rao Rumman Ullah Khan (329652)
670 ## - SOURCE DATA FOUND
- Source citation: Work cat.: (NUST)603240: Rao Rumman Ullah Khan (329652), Passive Cooling Based Thermal Management System for Li-Ion Batteries Using Phase Change Materials /, 2023
